Manual práctico laboral (Registro nro. 4713)

Detalles MARC
000 -LEADER
fixed length control field 01100 a2200205 4500
001 - CONTROL NUMBER
control field 48776
005 - DATE AND TIME OF LATEST TRANSACTION
control field 20260407155753.0
008 - FIXED-LENGTH DATA ELEMENTS--GENERAL INFORMATION
fixed length control field 260407a1978 arg spa d
003 - CONTROL NUMBER IDENTIFIER
control field AR-UNSa-BCEJYS
040 ## - CATALOGING SOURCE
Original cataloging agency AR-UNSa-BCEJYS
Language of cataloging spa
Transcribing agency AR-UNSa-BCEJYS
080 ## - UNIVERSAL DECIMAL CLASSIFICATION NUMBER
Universal Decimal Classification number 349.2
Common auxiliary subdivision Derecho del Trabajo
100 1# - MAIN ENTRY--PERSONAL NAME
Personal name Rubio, Valentín
245 10 - TITLE STATEMENT
Title Manual práctico laboral
250 ## - EDITION STATEMENT
Edition statement 2a.ed.
264 #1 - PRODUCTION, PUBLICATION, DISTRIBUTION, MANUFACTURE, AND COPYRIGHT NOTICE
Place of production, publication, distribution, manufacture Buenos Aires :
Name of producer, publisher, distributor, manufacturer Cangallo
Date of production, publication, distribution, manufacture, or copyright notice 1978
300 ## - PHYSICAL DESCRIPTION
Extent 290 p.
Dimensions 23 cm.
505 ## - FORMATTED CONTENTS NOTE
Formatted contents note 1. Introducción - 2. Remuneraciones - 3. Vacaciones - 4. Jornada de trabajo - 5. Descanso semanal - 6. Feriados - 7. Enfermedades y accidentes inculpables - 8. Accidentes del trabajo y enfermedades profesionales - 9. Suspensiones económicas y disciplinarias - 10. Trabajo de mujeres y menores - 11. Preaviso - 12. Extinción del contrato de trabajo - 13. Representantes gremiales - 14. Aportes y contribuciones - 15. Asignaciones familiares - 16. Prescripción e indexación - 17. Casos prácticos - 18. Documentación y papeles de trabajo - 19. Normas legales -
590 ## - LOCAL NOTE (RLIN)
Local note niveau_biblio:m niveau_hierar:0
942 ## - ADDED ENTRY ELEMENTS (KOHA)
Koha item type
Existencias
Withdrawn status Lost status Damaged status Not for loan Home library Current library Shelving location Date acquired Total checkouts Full call number Barcode Date last seen Price effective from Koha item type
        Biblioteca Prof. Eusebio Cleto del Rey Biblioteca Prof. Eusebio Cleto del Rey   07/04/2026   349.2 R896m 2ed. L13759 07/04/2026 07/04/2026 Libro